<?xml version="1.0" encoding="UTF-8"?>
<collection xmlns="http://www.loc.gov/MARC21/slim">
 <record>
  <leader>00978nam a2200265 a 4500</leader>
  <controlfield tag="001">47020</controlfield>
  <controlfield tag="008">090521r20011970 enka     b    001 0 eng d</controlfield>
  <datafield tag="010" ind1=" " ind2=" ">
   <subfield code="a">70118151</subfield>
  </datafield>
  <datafield tag="020" ind1=" " ind2=" ">
   <subfield code="a">8121902800</subfield>
  </datafield>
  <datafield tag="040" ind1=" " ind2=" ">
   <subfield code="a">DLC</subfield>
   <subfield code="c">DLC</subfield>
   <subfield code="d">UKM</subfield>
  </datafield>
  <datafield tag="082" ind1="0" ind2="0">
   <subfield code="a">539/.1</subfield>
   <subfield code="2">21</subfield>
  </datafield>
  <datafield tag="999" ind1=" " ind2=" ">
   <subfield code="c">992</subfield>
   <subfield code="d">992</subfield>
  </datafield>
  <datafield tag="999" ind1=" " ind2=" ">
   <subfield code="c">992</subfield>
  </datafield>
  <datafield tag="100" ind1="1" ind2=" ">
   <subfield code="a">Lal,Brij.</subfield>
   <subfield code="9">20739</subfield>
  </datafield>
  <datafield tag="245" ind1="1" ind2="0">
   <subfield code="a">Properties of matter</subfield>
   <subfield code="c">N.Subrahmanyam and Brij Lal. </subfield>
  </datafield>
  <datafield tag="260" ind1=" " ind2=" ">
   <subfield code="a">London,</subfield>
   <subfield code="a"> New York,</subfield>
   <subfield code="a">New Delhi;</subfield>
   <subfield code="b"> J. Wiley and Sons,</subfield>
   <subfield code="b">Euradia Publishing House,</subfield>
   <subfield code="c"> 1970(reprinted 2001).</subfield>
  </datafield>
  <datafield tag="300" ind1=" " ind2=" ">
   <subfield code="a">xv,472 p.</subfield>
   <subfield code="b"> illus.</subfield>
   <subfield code="c"> 24 cm.</subfield>
  </datafield>
  <datafield tag="490" ind1="1" ind2=" ">
   <subfield code="a">The Manchester physics series</subfield>
  </datafield>
  <datafield tag="504" ind1=" " ind2=" ">
   <subfield code="a">Bibliography: p. [311]-312.</subfield>
  </datafield>
  <datafield tag="541" ind1="1" ind2=" ">
   <subfield code="e">00012976</subfield>
  </datafield>
  <datafield tag="650" ind1=" " ind2="0">
   <subfield code="a">Matter </subfield>
   <subfield code="x">Properties.</subfield>
   <subfield code="9">20740</subfield>
  </datafield>
  <datafield tag="700" ind1="1" ind2=" ">
   <subfield code="a">Subrahmanyam,N.</subfield>
   <subfield code="9">20741</subfield>
  </datafield>
  <datafield tag="852" ind1="4" ind2=" ">
   <subfield code="a">Ayesha Abed Library</subfield>
   <subfield code="j">General Shelf.</subfield>
  </datafield>
  <datafield tag="942" ind1=" " ind2=" ">
   <subfield code="2">ddc</subfield>
   <subfield code="c">BK</subfield>
  </datafield>
  <datafield tag="952" ind1=" " ind2=" ">
   <subfield code="0">0</subfield>
   <subfield code="1">0</subfield>
   <subfield code="2">ddc</subfield>
   <subfield code="4">0</subfield>
   <subfield code="6">539_100000000000000_LAL</subfield>
   <subfield code="7">0</subfield>
   <subfield code="9">899</subfield>
   <subfield code="a">BRACUL</subfield>
   <subfield code="b">BRACUL</subfield>
   <subfield code="c">GEN</subfield>
   <subfield code="d">2009-04-13</subfield>
   <subfield code="e">Not found</subfield>
   <subfield code="g">90.00</subfield>
   <subfield code="l">25</subfield>
   <subfield code="m">81</subfield>
   <subfield code="o">539.1 LAL</subfield>
   <subfield code="p">3010012976</subfield>
   <subfield code="r">2019-05-13</subfield>
   <subfield code="s">2019-05-12</subfield>
   <subfield code="t">1</subfield>
   <subfield code="w">2009-06-22</subfield>
   <subfield code="y">BK</subfield>
  </datafield>
 </record>
</collection>
